000
00321pam a2200157a 44500
008
230515b1901 xxu||||| |||| 00| 0 eng d
020
_a
0
041
_a
ENGLISH
082
_a
0 Y.G
100
_a
Y.G. JOSHI
245
_a
ASAVA ARISHTH
250
_a
0
260
_a
NULL
_b
N.D.
_c
1901
300
_a
0
650
_a
N.D.
999
_c
486687
_d
486687